American Actresses by Picture #3 - Statistics

General Stats
  • This quiz has been taken 58 times
  • The average score is 9 of 16
Answer Stats
Picture Answer % Correct
Angelina Jolie
92%
Kristen Stewart
78%
Blake Lively
71%
Jessica Alba
71%
Sigourney Weaver
69%
Jane Fonda
67%
Diane Keaton
65%
Winona Ryder
65%
Jennifer Garner
63%
Barbra Streisand
61%
Brie Larson
55%
Zooey Deschanel
43%
Jennifer Love Hewitt
39%
Sharon Stone
31%
Robin Wright
25%
Elizabeth Banks
24%
No matching quizzes found
Score Distribution
Percent of People with Each Score
Percentile by Number Answered
Your Score History
You have not taken this quiz